000 00805nas a2200265 4500
001 BR0601310
003 BR-BrBNA
005 20231205105915.0
007 ta
008 230509b bl.|||p| |||| 00| 00por d
040 _aBR-BrBNA
_bpor
_cBiblioteca Nacional de Agricultura
041 _a(Pt)
072 _aE16
100 1 _aOtsubo, A.A.
100 1 _aMelo Filho, G.A. de
245 1 _aAspectos sócioeconômicos da cultura da mandioca no Mato Grosso do Sul
650 _aMANDIOCA
650 _aPRODUÇÃO VEGETAL
650 _aCONSUMO INTERNO
650 _aCOMERCIALIZAÇÃO
650 _aPOLÍTICA AGRÍCOLA
773 0 _tRevista Brasileira de Mandioca (Brazil)
_xISSN 0101-563X
_g(Oct 2005), v. 18(2) p. 7-16
_wBR0601310
909 _a202311
_bLúcia
_c55
_dLúcia Elande
942 _2AGRIS
_n0
_cANA
999 _c185299
_d185299